| 000 | 01649nam a2200265 i 4500 | ||
|---|---|---|---|
| 003 | DO-SdBNP | ||
| 005 | 20230420123012.0 | ||
| 006 | a|||||r|||| 00| 0 | ||
| 007 | ta | ||
| 008 | 230413e2007 dr ||||fr|||| 001 udspa d | ||
| 040 |
_aDO-SdBNP _bspa _cBNPHU _erda |
||
| 082 | 4 |
_222 _bT233n |
|
| 100 | 1 |
_931093 _aTaveras, Waldys |
|
| 240 | _aLeyes | ||
| 245 | 1 | 0 |
_aNuevo marco legal municipal: _banotaciones y comentarios / _cWaldys Taveras; diseño, diagramación y conceptualización Allan García, Waldys Taveras |
| 246 | 1 | 4 |
_aNuevo marco legal municipal: _banotaciones y comentarios. Ley 176/07 del Distrito Nacional y los Municipios. Ley 13/07 de los contenciosos tributarios y administrativo. Ley 567/05 sobre la Tesorería Nacional |
| 264 | 1 | 1 |
_aSanto Domingo : _bSin editorial, _c2007 |
| 300 |
_a263 páginas ; _c22 cm |
||
| 336 |
_2rdaconten _atexto _btxt |
||
| 337 |
_2rdamedia _asin medición _bn |
||
| 338 |
_2rdacarrier _avolumen _bnc |
||
| 505 |
_aDedicatoria. _tAgradecimiento.-- _tA modo de comentarios.-- _tIntroducción.-- _gCapítulo I _tLa Entidades Municipales.-- _gCapítulo II. _tConstrucción y competencias de los Ayuntamientos.-- _gCapítulo III. _tEl Concejo Municipal.-- _gCapítulo IV. _tLa Administración Municipal.-- _gCapítulo V. _tEl Régimen Económico Municipal.-- _gCapítulo VI. _tLa Participación ciudadana en La Gestión Municipal.- _tUna reflexión Final. La Nueva Ley 176-07. ¿Reforma o contrareforma? _tLey 176-07 Del Distrito Nacional y los Municipios.-- _tLey 13-07 Del del Distrito Nacional y los Municipios.-- _tLey 567-05 Del Distrito Nacional y los Municipios. |
||
| 590 | _aInventariado 2023 / MF | ||
| 942 |
_2ddc _cLBS1 |
||
| 999 |
_c53231 _d53231 |
||